01074nam a22001817a 4500001001900000003000400019005001700023007000300040008004100043017001700084035002500101040002400126245025400150260007800404300005300482500030800535710004900843991026831649706706OSt20211228105748.0t 020529s2002 sp a 000 0bspa c aM-12102-2000 a(ES-BaCBU).b47146357 aES-BaCBUbcatcCDMR00aDifusión de la prensa en Españah[Fitxer informàtic]b: toda la difusión certificada y garantizada por OJD de la prensa escrita (1995-2001) y de los medios electrónicos en Internet (1997-2001) /cOficina de Justificación de la Difusión aBarcelona :bOJD. Oficina de Justificación de la Difusión,ccop. 2002 a1 CD-ROM ;c12 cm +e1 guia de l'usuari ([2] p.) aRequeriments del sistema: Ordinador PC o compatible, Pentium 100 MHz o superior ; 16 MB de RAM ; Quicktime 3.0 per a Windows 95 ; targeta de so de 16 bits, compatible Soundblaster ; lector de CD-ROM, mínim 8x ; monitor amb resolució mínima 640x480, amb capacitat de color d'alta densitat (16 bits)2 aOficina de Justificación de la Difusión.